000
00297nam a22001217a 4500
040
_c
Nust
082
_a
297.1978
_b
USM
100
_a
Maulana Mufti Muhammad Shafi
_9
125228
245
_a
Masla Sood
260
_a
Karachi:
_b
Idaratul Muarif,
_c
2002.
650
_a
Masla Sood
_9
125229
942
_2
ddc
_c
BK
999
_c
610996
_d
610996